Science Quiz

Random Science or Biology Quiz

The Urea Cycle Quiz Stats

 Plays Quiz not verified by Sporcle

Challenge
Share
Tweet
Score 0/13 Timer 10:00
0 Plays Today
% Correct
urea
91.7%
ornithine
90.9%
arginine
90.9%
citrulline
90.1%
arginosuccinate
88.4%
carbamoyl phosphate
88%
fumarate
86.4%
aspartate
85.5%
arginosuccinate lyase
63.2%
arginase
61.2%
arginosuccinate synthetase
60.7%
carbamoyl phosphate synthase I
48.8%
ornithine transcarbamylase
42.6%

You're not logged in!

Compare scores with friends on all Sporcle quizzes.
Join for Free
OR
Log In

You Might Also Like...

Show Comments

Extras

Top Quizzes Today


Score Distribution

Your Account Isn't Verified!

In order to create a playlist on Sporcle, you need to verify the email address you used during registration. Go to your Sporcle Settings to finish the process.

Report this User

Report this user for behavior that violates our Community Guidelines.

Details: